Statistics for Ranking the top 20 all-time NFL passing yards leaders

Click here to take the quiz!

General Stats

  • This quiz has been taken 38 times
  • The average score is 13 of 20

Answer Stats

Rank. (Yards)QB% Correct
5. (80,358)Drew Brees
100%
1. (84,520)Tom Brady
100%
17. (57,023)Eli Manning
96%
2. (71,940)Peyton Manning
96%
3. (55,360)Aaron Rodgers
92%
10. (64,088)Ben Roethlisberger
84%
6. (61,361)Dan Marino
84%
7. (71,838)Brett Favre
80%
4. (51,475)John Elway
80%
13. (63,440)Philip Rivers
68%
9. (49,325)Warren Moon
64%
18. (41,269)Joe Flacco
60%
14. (59,735)Matt Ryan
60%
8. (47,003)Fran Tarkenton
52%
12. (49,995)Matthew Stafford
52%
16. (46,247)Carson Palmer
36%
15. (44,611)Drew Bledsoe
32%
11. (43,040)Dan Fouts
28%
20. (46,233)Vinny Testaverde
28%
19. (40,922)Kerry Collins
4%

Score Distribution

Percentile by Number Answered

Percent of People with Each Score

Your Score History

You have not taken this quiz